000 00781nas a2200289 4500
001 BR2014004486
003 BR-BrBNA
005 20231205124252.0
007 ta
008 230509b bl.|||p| |||| 00| 00por d
040 _aBR-BrBNA
_bpor
_cBiblioteca Nacional de Agricultura
041 _a(Pt)
072 _aH20; F01
100 1 _apereira, R.B.
100 1 _aLucas, G.C.
100 1 _aPinheiro, J.B.
245 1 _aRequeima do tomateiro
650 _aTOMATE
650 _aREQUEIMA
650 _aDOENÇA DE PLANTA
650 _aFUNGO
650 _aPRÁTICA CULTURAL
650 _aFUNGICIDA SISTEMICO
773 0 _tNosso Alho (Brazil)
_xISSN 2177-2959
_g(Apl 2014), no. 19 p. 50-54
_wBR2014004486
909 _a202311
_bLúcia
_c55
_dLúcia Elande
942 _2AGRIS
_n0
_cANA
999 _c238204
_d238204